Ιστορία κοινωνικής πολιτικής
Αποθηκεύτηκε σε:
| Άλλοι συγγραφείς: | , |
|---|---|
| Μορφή: | Βιβλίο |
| Γλώσσα: | Greek |
| Δημοσίευση: |
Αθήνα :
Gutenberg,
2010
|
| Θέματα: | |
| Ετικέτες: |
Προσθήκη ετικέτας
Δεν υπάρχουν, Καταχωρήστε ετικέτα πρώτοι!
|
MARC
| LEADER | 00000cam a2200000 i 4500 | ||
|---|---|---|---|
| 001 | 1/18449 | ||
| 008 | 120316s2010 gr | ||| |||| ||gre|| | ||
| 020 | |a 9789600113839 | ||
| 035 | |l 10112075 | ||
| 040 | |a GR-MY-UA |b gre |e aacr | ||
| 041 | 0 | |a gre | |
| 082 | 0 | |a 361 |2 (22) | |
| 245 | 1 | 0 | |a Ιστορία κοινωνικής πολιτικής / |c επιμέλεια Κώστας Δικαίος ; πρόλογος Όλγα Στασινοπούλου ; κείμενα Αντώνης Αναστασόπουλος...[κ.ά.] |
| 260 | |a Αθήνα : |b Gutenberg, |c 2010 | ||
| 300 | |a 531 σ.; |c 24 εκ. | ||
| 504 | |a Βιβλιογραφία: σ. [203]-206 | ||
| 651 | 0 | |a Greece |x Social policy. | |
| 650 | 0 | 0 | |a Social policy. |
| 700 | 1 | |a Δικαίος, Κώστας. |4 edt | |
| 700 | 1 | |a Στασινοπούλου, Όλγα Β. |4 aui | |
| 852 | |a INST |b LESVOS |e 20120316 |h 361 ΙΣΤ |p 005100050617 |q 005100050617 |t BK |y 0 | ||
| 901 | |a BIBL1-2012-1 | ||
| 909 | |a Λ |b 173394 | ||
| 970 | |a ΤΖΑΦΕΡΗ |b ΕΥΑΓΓΕΛΙΑ |z 2012/03/16 | ||